Estatísticas para Qual Jogador é, pelos clubes que jogou IV

Clique aqui para jogar o quiz

Estatísticas Gerais

  • Esse quiz foi jogado 48 vezes
  • A pontuação média é 5 de 11

Estatísticas das Respostas

HintResposta% Correto
Corinthians > Portuguesa > Chapecoense > Atlético-GO > Botafogo > Flamengo > Fenerbahce-TURWillian Arão
65%
ABC > Bragantino > Capivariano > América-MG > Corinthians > Grêmio > Sharjah FC-EAU > Corinthians > Pyramids FC-EGI > Cruzeiro > Bahia > CuiabáRodriguinho
63%
São Paulo > Guaratinguetá > River-PI > Confiança-SE > Ceará > Santos > Atlético-MGEverson
53%
Flamengo > Mônaco-FRA > Porto-POR > Santos >Mônaco-FRA > Basel-SUI > PalmeirasJorge
50%
Flamengo > Bahia > Ponte Preta > Bahia > Internacional > PalmeirasMarcelo Lomba
50%
Olé Brasil > Votoraty > Comercial-SP > Oeste > Comercial-SP > Shonan Belmare-JAP > Mirassol > Figueirense > Flamengo > Albirex Niigata-JAP > Coritiba > Mirassol > CoritibaAlex Muralha
43%
Volta Redonda > Vasco > Cruzeiro > Ponte Preta > Athlético-PRDedé
38%
Palmeiras > Panathinaikos-GRE > Flamengo > Santos > Vitória > Santos > Sivasspor-TUR > Grêmio > FluminenseDavid Braz
33%
Athlético-PR > Vitória > Athlético-PR > Flamengo > Internacional > Al Nasr-EAU > Athlético-PR > Liangjiang-CHIN > Bahia > Athlético-PRMarcelo Cirino
33%
Santa Cruz > Cruzeiro > São Paulo > Santos > VascoRaniel
28%
Santos > Athlético-PR > Santos > Werder Bremen-ALE > Palmeiras > São Paulo > Sport > América-MG > Criciúma > Avaí > CRB > Ponte PretaWesley
25%

Distribuição das Pontuações

Percentil de Números Respondidos

Porcentagem de Pessoas com Cada Pontuação

Sua Pontuação Histórica

Você não jogou esse quiz